A termelővállalatok hozamát (teljesítményét) meghatározó tényezők iparágak közötti különbségeinek elemzése a feldolgozóipar és az építőipar összevetésében.

Bibliográfiai részletek
Szerző: Glasza Barbara Viktória
További közreműködők: Bán Dr. Erika
Ország dr. Adrienn
Dokumentumtípus: TDK dolgozat
Kulcsszavak:anyagköltség
export árufeladás
építőipar - építészet
feldolgozóipar
gazdasági hozzáadott érték
hozam
nettó árbevétel
teljesítmény
termelő ágazatok
Online Access:http://dolgozattar.uni-bge.hu/60445

MARC

LEADER 00000nta a2200000 i 4500
001 dolg60445
005 20260416073718.0
008 260416suuuu hu o 000 hun d
040 |a BGE Dolgozattár Repozitórium  |b hun 
041 |a hu 
100 1 |a Glasza Barbara Viktória 
245 1 2 |a A termelővállalatok hozamát (teljesítményét) meghatározó tényezők iparágak közötti különbségeinek elemzése a feldolgozóipar és az építőipar összevetésében.  |c Glasza Barbara Viktória  |h [elektronikus dokumentum] 
516 |a Students_Scientific_Association_paper 
520 3 |a Dolgozatomban a feldolgozóipari és építőipari vállalatok hozamát meghatározó tényezők közül az exportteljesítmény hatását – az értékesítés nettó árbevétele és az exportértékesítés nettó árbevétele alapján -, valamint a hozzáadott érték és az anyagköltség közötti összefüggést vizsgáltam, amelyből anyagköltség-hányadokat képeztem. Célom az volt, hogy feltárjam, hogy milyen módon befolyásolták ezek a tényezők a két iparág teljesítményét, illetve, hogy milyen különbségek figyelhetők meg a vállalatméretek között a 2010-2023-as időszakban. Dolgozatom két fő részre tagolódik. Az elsőrészben a kutatásomat megalapozó átfogó szakirodalmi feldolgozást végeztem, bemutatva a termelés fogalmi kereteit, valamint a termelővállalatokra jellemző hozamkategóriákat. Mindemellett bemutattam olyan tényezőket is, amelyek bár nem képezték az elemzéseim részét, viszont elméleti szempontból rendkívül jelentőségteljesek és kiegészítik a kutatásom eredményeit. A Központi Adatbázis adatai jelentették az alapját a kutatásnak, amely adatok felhasználásával egy összetett elemzést valósítottam meg, amelynek fókuszában a két iparág sajátosságainak összehasonlítása állt. A kutatás során pedig arra a következtetésre jutottam, hogy az egyes iparágakban más-más tényezők dominálnak a hozam alakulásában. Az exportteljesítmény elemzése lehetőséget adott annak feltárására, hogy az iparágak nemzetközi piaci jelenléte mennyire hat ki a teljesítményükre. Továbbá fontosnak tartottam annak a feltérképezését is, hogy milyen kapcsolat figyelhető meg az anyagköltség és a létrehozott hozzáadott érték között. Ezen elemzés elvégzésével megérthetővé vált, hogy az egyes vállalatméretek és iparágak hogyan tudnak gazdálkodni az erőforrásaikkal és milyen mértékben képesek abból hozzáadott értéket létrehozni. A kutatásom eredményei hozzájárulnak a magyar gazdaság szerkezeti sajátosságainak mélyebb megértéshez. Több évre kiterjedő adatok feldolgozásával lehetővé válik hosszú távú trendek és ipari sajátosságok megfigyelése, amely segítségével pontosabban beazonosíthatók olyan kulcstényezők, amelyek hozzájárulnak a magyar termelővállalatok versenyképességének erősítéséhez és a gazdasági stabilitás fenntartásához. 
695 |a anyagköltség 
695 |a export árufeladás 
695 |a építőipar - építészet 
695 |a feldolgozóipar 
695 |a gazdasági hozzáadott érték 
695 |a hozam 
695 |a nettó árbevétel 
695 |a teljesítmény 
695 |a termelő ágazatok 
700 1 |a Bán Dr. Erika  |e ths 
700 1 |a Ország dr. Adrienn  |e ths 
856 4 0 |u http://dolgozattar.uni-bge.hu/60445/1/TDK%20-%20szakdolgozat%20-%20Glasza%20Barbara%20Vikt%C3%B3ria%20-%20RO7QKY%20-%202025.pdf  |z Dokumentum-elérés 
856 4 0 |u http://dolgozattar.uni-bge.hu/60445/2/Absztrakt%20-%20Glasza%20Barbara%20Vikt%C3%B3ria%20-%20RO7QKY%20-%202025.docx  |z Dokumentum-elérés 
856 4 0 |u http://dolgozattar.uni-bge.hu/60445/3/Glasza_Barbara_Viktoria.pdf  |z Dokumentum-elérés 
856 4 0 |u http://dolgozattar.uni-bge.hu/60445/4/05_Dolgozat_biralati_lap_2025_HU%20%C3%9AJ%20LOGO.doc  |z Dokumentum-elérés